| 000 | 00414nam a2200109Ia 4500 | ||
|---|---|---|---|
| 008 | 171204s9999 xx 000 0 und d | ||
| 245 | _aApplied Microsoft Business Intelligence: | ||
| 245 | _cDejan Sarka, Dustin Ryan, Jessica M. Moss, and Patrick LeBlanc | ||
| 260 | _c2015 | ||
| 650 | _xBUSINESS INTELLIGENCE AND ANALYTICS | ||
| 856 | _uhttp://down.ebook777.com/015/Applied%20Microsoft%20Business%20Intelligence.pdf | ||
| 999 |
_c347124 _d347124 |
||